[Event "AUT-chT2W 2223"]
[Site "Austria"]
[Date "2022.09.25"]
[Round "3.2"]
[White "Nisavic, Uros"]
[Black "Mundorf, Johannes"]
[Result "0-1"]
[WhiteElo "2098"]
[BlackElo "2279"]
[PlyCount "52"]
[EventDate "2022.09.23"]
[EventType "team-tourn"]
[EventRounds "11"]
[EventCountry "AUT"]
[SourceTitle "CBM 210 Extra"]
[Source "ChessBase"]
[SourceDate "2022.11.30"]
[SourceVersion "1"]
[SourceVersionDate "2022.11.30"]
[SourceQuality "1"]
[WhiteTeam "Lustenau"]
[BlackTeam "Hohenems II"]
[WhiteTeamCountry "AUT"]
[BlackTeamCountry "AUT"]

1. d4 e6 2. c4 f5 3. g3 Nf6 4. Bg2 c6 5. Nf3 d5 6. 0-0 Bd6 7. Nbd2 0-0 8. Ne1 Qe7 9. Nd3 Nbd7 10. Qb3 b6 11. Nf3 Bb7 12. Bg5 c5 13. Rfd1 Rac8 14. Nfe5 cxd4 15. cxd5 Nxe5 16. Nxe5 Bxe5 17. d6 Bxd6 18. Bxb7 Qxb7 19. Qxe6+ Qf7 20. Qxd6 Ne4 21. Qe7 Qh5 22. Qe6+ Kh8 23. Be7 Qxe2 24. Bxf8 Qxf2+ 25. Kh1 Qf3+ 26. Kg1 Qe3+ 0-1

[Event "AUT-chT2W 2223"]
[Site "Austria"]
[Date "2022.09.24"]
[Round "2.2"]
[White "Turdyev, Anvar"]
[Black "Nisavic, Uros"]
[Result "1-0"]
[WhiteElo "2393"]
[BlackElo "2098"]
[PlyCount "66"]
[EventDate "2022.09.23"]
[EventType "team-tourn"]
[EventRounds "11"]
[EventCountry "AUT"]
[SourceTitle "CBM 210 Extra"]
[Source "ChessBase"]
[SourceDate "2022.11.30"]
[SourceVersion "1"]
[SourceVersionDate "2022.11.30"]
[SourceQuality "1"]
[WhiteTeam "Bregenz"]
[BlackTeam "Lustenau"]
[WhiteTeamCountry "AUT"]
[BlackTeamCountry "AUT"]

1. Nf3 d5 2. d4 e6 3. c4 Nf6 4. g3 c5 5. cxd5 exd5 6. Bg2 Nc6 7. 0-0 Be7 8. b3 0-0 9. Bb2 Be6 10. Nc3 h6 11. dxc5 Bxc5 12. Rc1 Qe7 13. Nb5 Ne4 14. e3 Rfd8 15. Nfd4 Nxd4 16. Bxd4 b6 17. Bb2 Ng5 18. Nd4 Rac8 19. Qd3 Bh3 20. Nf5 Bxf5 21. Qxf5 Qe6 22. Qd3 Nh3+ 23. Kh1 h5 24. Rcd1 Be7 25. f4 h4 26. Bf3 hxg3 27. hxg3 Bf6 28. Bxf6 Qxf6 29. Kg2 Rc3 30. Qd2 Rdc8 31. Rc1 d4 32. Rxc3 Rxc3 33. exd4 Qg6 1-0

[Event "AUT-chT2W 2122"]
[Site "Austria"]
[Date "2022.06.04"]
[Round "7.4"]
[White "Nisavic, Uros"]
[Black "Hoellrigl, Wilfried"]
[Result "1-0"]
[WhiteElo "2166"]
[BlackElo "2219"]
[PlyCount "67"]
[EventDate "2021.10.15"]
[EventType "team-tourn"]
[EventRounds "11"]
[EventCountry "AUT"]
[SourceTitle "EXT 2023"]
[Source "ChessBase"]
[SourceDate "2022.10.05"]
[SourceVersion "1"]
[SourceVersionDate "2022.10.05"]
[SourceQuality "1"]
[WhiteTeam "Lustenau"]
[BlackTeam "Jenbach II"]
[WhiteTeamCountry "AUT"]
[BlackTeamCountry "AUT"]

1. d4 Nf6 2. c4 c5 3. d5 b5 4. cxb5 a6 5. bxa6 g6 6. a7 Rxa7 7. Nc3 Ba6 8. Nf3 d6 9. e4 Bxf1 10. Kxf1 Bg7 11. g3 0-0 12. Kg2 Nbd7 13. a4 Qa5 14. Qc2 Rb8 15. Bd2 Qa6 16. Nb5 Rab7 17. Bc3 e5 18. dxe6 fxe6 19. Rad1 d5 20. exd5 exd5 21. Bxf6 Nxf6 22. b3 Rc8 23. Rhe1 Rd7 24. Ng5 Qb7 25. Re6 d4+ 26. Kg1 Qd5 27. Rxd4 Qxg5 28. Rxd7 Nxd7 29. Qc4 Kh8 30. Nd6 Rf8 31. Re8 Ne5 32. Qe6 Nf3+ 33. Kg2 Ne1+ 34. Kf1 1-0

[Event "AUT-chT2W 2122"]
[Site "Austria"]
[Date "2022.06.03"]
[Round "6.4"]
[White "Moroder, Stefan"]
[Black "Nisavic, Uros"]
[Result "1/2-1/2"]
[WhiteElo "2305"]
[BlackElo "2166"]
[PlyCount "67"]
[EventDate "2021.10.15"]
[EventType "team-tourn"]
[EventRounds "11"]
[EventCountry "AUT"]
[SourceTitle "EXT 2023"]
[Source "ChessBase"]
[SourceDate "2022.10.05"]
[SourceVersion "1"]
[SourceVersionDate "2022.10.05"]
[SourceQuality "1"]
[WhiteTeam "Rochade Rum"]
[BlackTeam "Lustenau"]
[WhiteTeamCountry "AUT"]
[BlackTeamCountry "AUT"]

1. Nf3 d5 2. g3 c5 3. Bg2 Nf6 4. 0-0 Nc6 5. d4 cxd4 6. Nxd4 e6 7. c4 Qb6 8. Nxc6 bxc6 9. Qc2 Ba6 10. b3 Be7 11. Be3 Bc5 12. Bxc5 Qxc5 13. Nd2 0-0 14. a3 Qe7 15. e4 Rac8 16. Rfe1 Rfd8 17. b4 Bxc4 18. Nxc4 dxc4 19. e5 Nd5 20. Qxc4 c5 21. bxc5 Rxc5 22. Qg4 Nb6 23. Bf1 g6 24. Re3 Qc7 25. Rae1 Rd2 26. Qg5 Rcc2 27. Rf3 Nd5 28. Bg2 Kg7 29. h4 h6 30. Qg4 Qc5 31. Rf1 Qd4 32. Qxd4 Rxd4 33. Rb3 Nb6 34. Rb4 1/2-1/2

[Event "Bodensee op"]
[Site "Bregenz"]
[Date "2022.05.27"]
[Round "7"]
[White "Nisavic, Uros"]
[Black "Raddatz, Michael"]
[Result "1-0"]
[WhiteElo "2114"]
[BlackElo "1955"]
[PlyCount "67"]
[EventDate "2022.05.21"]
[EventType "swiss"]
[EventRounds "9"]
[EventCountry "AUT"]
[SourceTitle "CBM 208 Extra"]
[Source "ChessBase"]
[SourceDate "2022.07.31"]
[SourceVersion "1"]
[SourceVersionDate "2022.07.31"]
[SourceQuality "1"]

1. d4 c5 2. d5 Nf6 3. c4 e6 4. Nc3 d6 5. Nf3 Be7 6. e4 0-0 7. Be2 exd5 8. cxd5 Bg4 9. 0-0 Nbd7 10. Be3 Re8 11. Qc2 Rc8 12. Rae1 a6 13. a4 Bf8 14. Kh1 Bh5 15. Nd2 Bxe2 16. Rxe2 Ng4 17. f4 Nxe3 18. Rxe3 Nf6 19. Nc4 b5 20. axb5 axb5 21. Nxb5 Rb8 22. Na7 Rb7 23. Nc6 Qd7 24. Qd3 g6 25. f5 gxf5 26. exf5 Rxe3 27. Nxe3 Bg7 28. Nc4 Rc7 29. h3 Nxd5 30. Qxd5 Qxc6 31. Qd3 d5 32. f6 Bxf6 33. Na5 Qe6 34. Qg3+ 1-0

[Event "Bassano del Grappa Easter op-A 2nd"]
[Site "Bassano del Grappa"]
[Date "2022.04.15"]
[Round "3"]
[White "Carlo, Emanuele"]
[Black "Nisavic, Uros"]
[Result "1-0"]
[WhiteElo "2296"]
[BlackElo "2132"]
[PlyCount "93"]
[EventDate "2022.04.14"]
[EventType "swiss"]
[EventRounds "9"]
[EventCountry "ITA"]
[SourceTitle "EXT 2024"]
[Source "ChessBase"]
[SourceDate "2023.10.10"]
[SourceVersion "1"]
[SourceVersionDate "2023.10.10"]
[SourceQuality "1"]

1. e4 e5 2. Nf3 Nc6 3. Bc4 Bc5 4. 0-0 Nf6 5. d3 0-0 6. Nbd2 d6 7. c3 a6 8. Bb3 Ba7 9. h3 Ne7 10. Re1 Ng6 11. Nf1 h6 12. Ng3 Re8 13. d4 c6 14. Be3 Qe7 15. Nf5 Qf8 16. dxe5 Nxe4 17. Nxd6 Nxd6 18. Bxa7 Nf5 19. Bb6 Be6 20. Bc2 Qe7 21. Bxf5 Bxf5 22. Qd6 Nh4 23. Nxh4 Qxh4 24. Re3 Qe7 25. Rd1 Qxd6 26. Rxd6 Re7 27. f4 h5 28. Kf2 Rae8 29. b3 Rd7 30. Rxd7 Bxd7 31. Kg3 Bf5 32. Kh4 g6 33. Kg5 Re7 34. g4 hxg4 35. hxg4 Bb1 36. Bd8 f6+ 37. Kxf6 Rd7 38. Bb6 Rf7+ 39. Kg5 Bxa2 40. e6 Re7 41. c4 a5 42. Bxa5 b5 43. c5 Re8 44. f5 gxf5 45. gxf5 Bb1 46. f6 Ra8 47. Bc7 1-0

[Event "Bassano del Grappa Easter op-A 2nd"]
[Site "Bassano del Grappa"]
[Date "2022.04.15"]
[Round "4"]
[White "Nisavic, Uros"]
[Black "Rotondaro, Alberto"]
[Result "0-1"]
[WhiteElo "2132"]
[BlackElo "2015"]
[PlyCount "102"]
[EventDate "2022.04.14"]
[EventType "swiss"]
[EventRounds "9"]
[EventCountry "ITA"]
[SourceTitle "EXT 2024"]
[Source "ChessBase"]
[SourceDate "2023.10.10"]
[SourceVersion "1"]
[SourceVersionDate "2023.10.10"]
[SourceQuality "1"]

1. d4 Nf6 2. c4 e6 3. Nf3 d5 4. Nc3 Bb4 5. Bg5 h6 6. Bxf6 Qxf6 7. e3 0-0 8. Bd3 dxc4 9. Bxc4 c5 10. 0-0 cxd4 11. exd4 Rd8 12. Ne4 Qe7 13. Qe2 Nd7 14. a3 Ba5 15. Rfd1 Nb6 16. Ba2 Nd5 17. Ne5 Bd7 18. Nc5 Bc6 19. Nxc6 bxc6 20. Rac1 Rac8 21. Bb1 Bc7 22. g3 Bb8 23. Qd3 Qg5 24. Nb7 Re8 25. Qf3 e5 26. dxe5 Bxe5 27. Be4 Qe7 28. Bxd5 cxd5 29. Rxc8 Rxc8 30. Qxd5 Bxb2 31. Nd6 Rb8 32. Rd3 Rd8 33. Qb3 Bf6 34. Qd1 Qd7 35. Rd2 Bc3 36. Rd5 Qe6 37. Nf5 Rxd5 38. Qxd5 Qxd5 39. Ne7+ Kf8 40. Nxd5 Bb2 41. a4 Ke8 42. Kf1 Kd7 43. Nb4 Kd6 44. Ke2 Bd4 45. Nd3 Kd5 46. Kd2 Kc4 47. Kc2 f6 48. f3 Bg1 49. h3 Bh2 50. g4 g5 51. Nb2+ Kb4 0-1

[Event "AUT-chT2W 2122"]
[Site "Austria"]
[Date "2022.03.13"]
[Round "11.3"]
[White "Michalik, Peter"]
[Black "Nisavic, Uros"]
[Result "1-0"]
[WhiteElo "2566"]
[BlackElo "2166"]
[PlyCount "63"]
[EventDate "2021.10.15"]
[EventType "team-tourn"]
[EventRounds "11"]
[EventCountry "AUT"]
[SourceTitle "EXT 2023"]
[Source "ChessBase"]
[SourceDate "2022.10.05"]
[SourceVersion "1"]
[SourceVersionDate "2022.10.05"]
[SourceQuality "1"]
[WhiteTeam "Mayrhofen/Zillertal"]
[BlackTeam "Lustenau"]
[WhiteTeamCountry "AUT"]
[BlackTeamCountry "AUT"]

1. d4 d5 2. c4 c6 3. Nf3 Nf6 4. e3 e6 5. b3 Be7 6. Bd3 b6 7. 0-0 Bb7 8. Bb2 Nbd7 9. Nc3 0-0 10. Qe2 c5 11. cxd5 exd5 12. Ba6 Qc8 13. Bxb7 Qxb7 14. Rfd1 Rfd8 15. dxc5 bxc5 16. Qb5 Nb6 17. Na4 Ne4 18. Nd2 Nd6 19. Nxc5 Qc8 20. Qa5 Ndc4 21. bxc4 Bxc5 22. Rdc1 dxc4 23. Nxc4 Qg4 24. Qxc5 Nxc4 25. h3 Qe2 26. Bd4 Nd6 27. Rc2 Qd3 28. Qe5 Nf5 29. Rc3 Qd2 30. Qxf5 Rxd4 31. Rc7 Kf8 32. Qxf7# 1-0

[Event "AUT-ch U18"]
[Site "St Veit"]
[Date "2021.10.27"]
[Round "4.1"]
[White "Kruckenhauser, Arthur"]
[Black "Nisavic, Uros"]
[Result "1-0"]
[WhiteElo "2235"]
[BlackElo "2184"]
[PlyCount "115"]
[EventDate "2021.10.25"]
[EventType "swiss"]
[EventRounds "7"]
[EventCountry "AUT"]
[SourceTitle "EXT 2023"]
[Source "ChessBase"]
[SourceDate "2022.10.05"]
[SourceVersion "1"]
[SourceVersionDate "2022.10.05"]
[SourceQuality "1"]

1. d4 d5 2. c4 e6 3. Nc3 Nf6 4. cxd5 exd5 5. Bg5 Be7 6. e3 c6 7. Qc2 Nbd7 8. Bd3 0-0 9. Nf3 Re8 10. 0-0 Nf8 11. Rae1 Ng6 12. Ne5 Ng4 13. Bxe7 Rxe7 14. f4 Nf8 15. h3 Nh6 16. g4 f6 17. Nf3 Nf7 18. Qf2 b6 19. f5 a5 20. Ne2 Ba6 21. Bxa6 Rxa6 22. Nf4 Qd6 23. Kh1 Ra8 24. Rg1 Rae8 25. h4 h6 26. Qd2 Qd7 27. Qd3 Qd6 28. Kg2 Rd8 29. Rd1 c5 30. dxc5 Qxc5 31. Rge1 Ne5 32. Nxe5 Rxe5 33. e4 Qe7 34. Kf1 d4 35. Qc4+ Kh7 36. Rxd4 Rc5 37. Qd3 Rdc8 38. Re2 Qe5 39. Rf2 Rc2 40. Ne2 Rxb2 41. g5 Rcc2 42. Rd5 Qc7 43. g6+ Kg8 44. Rd8 Rd2 45. Qxd2 Rxd2 46. Rxd2 Nd7 47. Nf4 Qc4+ 48. Rfe2 Kf8 49. Rc2 Qa6 50. Ne6+ Ke7 51. Kg2 Nc5 52. Nxg7 Qd3 53. Rcd2 Qc4 54. Nh5 Nb7 55. Nf4 Kf8 56. Ne6+ Ke7 57. g7 Kf7 58. Rc2 1-0

[Event "AUT-ch U18"]
[Site "St Veit"]
[Date "2021.10.25"]
[Round "2.2"]
[White "Bauer, Sebastian1111"]
[Black "Nisavic, Uros"]
[Result "1/2-1/2"]
[WhiteElo "2284"]
[BlackElo "2184"]
[PlyCount "133"]
[EventDate "2021.10.25"]
[EventType "swiss"]
[EventRounds "7"]
[EventCountry "AUT"]
[SourceTitle "EXT 2023"]
[Source "ChessBase"]
[SourceDate "2022.10.05"]
[SourceVersion "1"]
[SourceVersionDate "2022.10.05"]
[SourceQuality "1"]

1. e4 e5 2. Nf3 Nc6 3. Bb5 a6 4. Ba4 Nf6 5. 0-0 b5 6. Bb3 Be7 7. Re1 0-0 8. a4 Bb7 9. d3 d6 10. c3 Na5 11. Bc2 c5 12. Nbd2 Re8 13. Nf1 h6 14. Ng3 Bf8 15. d4 Qc7 16. d5 Reb8 17. b4 cxb4 18. cxb4 Rc8 19. Ra2 Nc4 20. a5 g6 21. Bd3 Qd7 22. Rc2 Rc7 23. h3 Bg7 24. Qe2 Rac8 25. Nh2 Kh7 26. Ng4 Qe7 27. Nxf6+ Qxf6 28. Rc3 Kg8 29. Rc2 Kh7 30. Nf1 Qd8 31. Nh2 Qf8 32. h4 Qe7 33. g3 Qf8 34. h5 Kh8 35. Nf3 g5 36. Nh2 f5 37. exf5 Bxd5 38. Ng4 Bb7 39. Bb2 Nxb2 40. Rxc7 Rxc7 41. Qxb2 Bf3 42. Be2 Bxe2 43. Qxe2 Qxf5 44. Ne3 Qe4 45. Rd1 Bf8 46. Qa2 Qf3 47. g4 Rc4 48. Qb1 Rd4 49. Rc1 Rd2 50. Qf5 Rxf2 51. Qxf3 Rxf3 52. Nf5 Kg8 53. Rc6 Rf4 54. Ne3 Rxb4 55. Rxa6 Kf7 56. Rb6 Ke6 57. a6 Ra4 58. Kf2 Be7 59. Nf5 Rxg4 60. Nxh6 Ra4 61. Ng8 Bf8 62. h6 Bxh6 63. Nxh6 Kd7 64. Nf5 d5 65. Rb7+ Ke6 66. Ng7+ Kd6 67. Nf5+ 1/2-1/2

[Event "AUT-chT2W 2122"]
[Site "Austria"]
[Date "2021.10.17"]
[Round "3.2"]
[White "Nisavic, Uros"]
[Black "Mundorf, Johannes"]
[Result "1/2-1/2"]
[WhiteElo "2166"]
[BlackElo "2255"]
[PlyCount "102"]
[EventDate "2021.10.15"]
[EventType "team-tourn"]
[EventRounds "11"]
[EventCountry "AUT"]
[SourceTitle "CBM 204 Extra"]
[Source "ChessBase"]
[SourceDate "2021.11.30"]
[SourceVersion "1"]
[SourceVersionDate "2021.11.30"]
[SourceQuality "1"]
[WhiteTeam "Lustenau"]
[BlackTeam "Hohenems II"]
[WhiteTeamCountry "AUT"]
[BlackTeamCountry "AUT"]

1. d4 e6 2. c4 f5 3. g3 Nf6 4. Bg2 d5 5. Nf3 c6 6. 0-0 Bd6 7. Nbd2 0-0 8. Ne1 Nbd7 9. Nd3 Qe7 10. Qc2 b6 11. Nf3 Bb7 12. Bf4 Bxf4 13. Nxf4 Rfd8 14. Ng5 Nf8 15. Rac1 Rac8 16. Qb3 h6 17. Ngh3 g5 18. Nd3 Ng6 19. f3 Ba6 20. c5 e5 21. dxe5 Nxe5 22. cxb6 Nxd3 23. exd3 Qe3+ 24. Kh1 Qxb6 25. Qa3 c5 26. Rfe1 Re8 27. f4 g4 28. Ng1 d4 29. Rxe8+ Nxe8 30. b4 cxb4 31. Qb3+ Kf8 32. Re1 Bb7 33. Ne2 a5 34. a3 Nf6 35. axb4 axb4 36. Qb2 Re8 37. Rb1 Bxg2+ 38. Kxg2 Nd5 39. Nxd4 Ne3+ 40. Kf2 Nc2 41. Qxc2 Qxd4+ 42. Kf1 Qe3 43. Rc1 Kg7 44. Qb2+ Kg6 45. Rc6+ Kh5 46. Rxh6+ Kxh6 47. Qf6+ Kh7 48. Qf7+ Kh8 49. Qf6+ Kg8 50. Qg6+ Kf8 51. Qf6+ Kg8 1/2-1/2

[Event "Innsbruck op 5th"]
[Site "Innsbruck"]
[Date "2021.08.21"]
[Round "1"]
[White "Nisavic, Uros"]
[Black "Konecny, Sophie"]
[Result "1-0"]
[WhiteElo "2181"]
[BlackElo "1866"]
[PlyCount "69"]
[EventDate "2021.08.21"]
[EventType "swiss"]
[EventRounds "9"]
[EventCountry "AUT"]
[SourceTitle "CBM 204 Extra"]
[Source "ChessBase"]
[SourceDate "2021.11.30"]
[SourceVersion "1"]
[SourceVersionDate "2021.11.30"]
[SourceQuality "1"]

1. d4 Nf6 2. c4 e6 3. Nf3 Bb4+ 4. Bd2 c5 5. e3 0-0 6. Nc3 cxd4 7. exd4 d5 8. Be2 dxc4 9. 0-0 Nc6 10. Bg5 h6 11. Bh4 Be7 12. Bxc4 a6 13. a4 b6 14. Qd3 Bb7 15. Rad1 Qc7 16. Qe2 Nb4 17. Ne5 Nfd5 18. Bg3 Bf6 19. Ne4 Qd8 20. f4 Be7 21. f5 Qc8 22. Rc1 Nc6 23. Nxc6 Bxc6 24. Bxd5 exd5 25. f6 Bd8 26. Nd6 Qd7 27. fxg7 Kxg7 28. Be5+ Kg8 29. Nf5 Bg5 30. h4 f6 31. hxg5 fxe5 32. Nxh6+ Kg7 33. Qxe5+ Kh7 34. Rf6 Bxa4 35. Rc7 1-0

[Event "AUT-ch U18 Online Rapid"]
[Site "Playchess.com INT"]
[Date "2020.12.13"]
[Round "5"]
[White "Nisavic, Uros"]
[Black "Valtiner, Adamo"]
[Result "0-1"]
[WhiteElo "1831"]
[BlackElo "1657"]
[PlyCount "118"]
[EventDate "2020.12.13"]
[EventType "swiss (rapid)"]
[EventRounds "7"]
[EventCountry "AUT"]
[SourceTitle "EXT 2022"]
[Source "ChessBase"]
[SourceDate "2021.10.06"]
[SourceVersion "1"]
[SourceVersionDate "2021.10.06"]
[SourceQuality "1"]

1. d4 Nf6 2. c4 e5 3. dxe5 Ng4 4. Nf3 Bc5 5. e3 Nc6 6. Nc3 Ngxe5 7. Be2 d6 8. 0-0 0-0 9. b3 a5 10. Bb2 Bf5 11. Nd4 Bd7 12. a3 Qh4 13. Nd5 Rac8 14. Bc3 Bxd4 15. exd4 Ng4 16. h3 Nf6 17. Nxf6+ gxf6 18. f4 Bxh3 19. Rf3 Bxg2 20. Kxg2 Kh8 21. Rg3 Rg8 22. Be1 Qxf4 23. Bg4 f5 24. Bd2 Qe4+ 25. Qf3 Rxg4 26. Rxg4 Qxf3+ 27. Kxf3 fxg4+ 28. Kxg4 Nxd4 29. Bc3 c5 30. Rd1 Kg7 31. Kh5 f6 32. Bxd4 cxd4 33. Rxd4 Rc6 34. Rd5 a4 35. bxa4 Rxc4 36. Rxd6 Rc5+ 37. Kg4 Ra5 38. Rd7+ Kg6 39. Rd4 h5+ 40. Kh4 Rg5 41. Rb4 Rg4+ 42. Rxg4+ hxg4 43. Kxg4 f5+ 44. Kf4 Kf6 45. a5 Ke6 46. a4 Kf6 47. Kf3 Ke5 48. Ke3 f4+ 49. Kf3 Kf5 50. Kf2 Kg4 51. Kg2 Kg5 52. Kf3 Kf5 53. Kf2 Ke4 54. Ke2 f3+ 55. Kf2 Kf4 56. Kf1 Ke3 57. a6 bxa6 58. Ke1 f2+ 59. Kf1 a5 0-1

[Event "AUT-ch U18 Online Rapid"]
[Site "Playchess.com INT"]
[Date "2020.12.13"]
[Round "7"]
[White "Nisavic, Uros"]
[Black "Wischounig, Laurin"]
[Result "0-1"]
[WhiteElo "1831"]
[BlackElo "1629"]
[PlyCount "80"]
[EventDate "2020.12.13"]
[EventType "swiss (rapid)"]
[EventRounds "7"]
[EventCountry "AUT"]
[SourceTitle "EXT 2022"]
[Source "ChessBase"]
[SourceDate "2021.10.06"]
[SourceVersion "1"]
[SourceVersionDate "2021.10.06"]
[SourceQuality "1"]

1. d4 d5 2. c4 c6 3. Nc3 Nf6 4. Nf3 a6 5. Bg5 Ne4 6. Bf4 Nxc3 7. bxc3 dxc4 8. e4 e6 9. Bxc4 Be7 10. 0-0 Nd7 11. a4 Nf6 12. Qe2 0-0 13. Rfd1 Bd7 14. Rab1 b5 15. Bd3 Qa5 16. Bd2 c5 17. axb5 axb5 18. Bxb5 Rfd8 19. Ne5 Bxb5 20. Rxb5 Qa6 21. Rdb1 cxd4 22. Qf3 Qxb5 23. Rc1 Qxe5 24. cxd4 Qxd4 25. Bc3 Rac8 26. h3 Rxc3 27. Rxc3 Qd1+ 28. Qxd1 Rxd1+ 29. Kh2 Nxe4 30. Rc2 g6 31. f3 Bd6+ 32. g3 Rd2+ 33. Kg1 Rxc2 34. fxe4 Kg7 35. g4 Kf6 36. h4 Ke5 37. Kf1 Kf4 38. h5 Kf3 39. Ke1 Bf4 40. Kd1 Rc1# 0-1

[Event "AUT-ch U18 Online Rapid"]
[Site "Playchess.com INT"]
[Date "2020.12.13"]
[Round "6"]
[White "Schmidt, Florian1111"]
[Black "Nisavic, Uros"]
[Result "0-1"]
[WhiteElo "1759"]
[BlackElo "1831"]
[PlyCount "116"]
[EventDate "2020.12.13"]
[EventType "swiss (rapid)"]
[EventRounds "7"]
[EventCountry "AUT"]
[SourceTitle "EXT 2022"]
[Source "ChessBase"]
[SourceDate "2021.10.06"]
[SourceVersion "1"]
[SourceVersionDate "2021.10.06"]
[SourceQuality "1"]

1. e4 e5 2. Nf3 Nc6 3. d4 exd4 4. Nxd4 Bc5 5. Be3 Qf6 6. Nb5 Bxe3 7. fxe3 Qh4+ 8. g3 Qd8 9. Qg4 g6 10. Qf4 d6 11. Bc4 Ne5 12. 0-0 Qe7 13. N1c3 Nxc4 14. Nd5 Qd7 15. Nbxc7+ Kf8 16. Nxa8 Ne5 17. Rad1 Ne7 18. Qf6 Rg8 19. Nxe7 Qxe7 20. Qxd6 Qxd6 21. Rxd6 Ke7 22. Rd4 Bh3 23. Rf2 Rxa8 24. Rd5 Ng4 25. Re2 Rd8 26. Rxd8 Kxd8 27. Rd2+ Ke7 28. Rd3 Ne5 29. Rb3 b6 30. Ra3 a5 31. Rb3 Nc4 32. Kf2 Kd6 33. Rc3 Nxb2 34. Ke2 b5 35. e5+ Kd5 36. Rc7 Bg4+ 37. Kf2 Be6 38. Ke2 Kxe5 39. Rc5+ Ke4 40. h4 Bxa2 41. h5 Bc4+ 42. Kd2 gxh5 43. Rxh5 a4 44. Rxh7 a3 45. Rh1 Kf3 46. Kc3 Na4+ 47. Kb4 a2 48. Rg1 Kxe3 49. g4 Kd2 50. g5 Kxc2 51. Ka3 Nc3 52. Rg2+ Kc1 53. Rg1+ Nd1 54. Rxd1+ Kxd1 55. Kb2 b4 56. Ka1 Kc2 57. g6 b3 58. g7 b2# 0-1

[Event "AUT-chT District U18 Online Rapid"]
[Site "Playchess.com INT"]
[Date "2020.12.12"]
[Round "3"]
[White "Nisavic, Uros"]
[Black "Horvath, Dominik"]
[Result "0-1"]
[WhiteElo "1899"]
[BlackElo "2233"]
[PlyCount "86"]
[EventDate "2020.12.12"]
[EventType "team-swiss (rapid)"]
[EventRounds "9"]
[EventCountry "AUT"]
[SourceTitle "EXT 2022"]
[Source "ChessBase"]
[SourceDate "2021.10.06"]
[SourceVersion "1"]
[SourceVersionDate "2021.10.06"]
[SourceQuality "1"]

1. d4 e6 2. c4 f5 3. Nc3 Nf6 4. g3 Be7 5. Bg2 d5 6. Nf3 Ne4 7. 0-0 c6 8. Ne5 Nd7 9. Nxd7 Qxd7 10. f3 Nd6 11. c5 Nf7 12. e4 0-0 13. e5 b6 14. b4 a5 15. Na4 Bd8 16. bxa5 Rxa5 17. Bd2 Ra6 18. Bb4 b5 19. Nb2 f4 20. a4 bxa4 21. Rxa4 fxg3 22. hxg3 Nh6 23. Bh3 Nf5 24. Bxf5 Rxf5 25. Qa1 Rxa4 26. Qxa4 Qb7 27. Nd3 Qa6 28. Qa3 Qxa3 29. Bxa3 Ba6 30. Ne1 Bxf1 31. Kxf1 Ba5 32. f4 Bxe1 33. Kxe1 g5 34. Bc1 gxf4 35. Bxf4 Kg7 36. Kd2 Kg6 37. Ke3 Rf7 38. Kf3 h5 39. Ke3 Kf5 40. Kf3 Rb7 41. Ke3 Rb3+ 42. Kd2 Ke4 43. Kc2 Rf3 0-1

[Event "AUT-ch U18 Online Blitz"]
[Site "Playchess.com INT"]
[Date "2020.12.11"]
[Round "1"]
[White "Nisavic, Uros"]
[Black "Horvath, Dominik"]
[Result "1-0"]
[WhiteElo "1905"]
[BlackElo "2302"]
[PlyCount "61"]
[EventDate "2020.12.11"]
[EventType "swiss (blitz)"]
[EventRounds "7"]
[EventCountry "AUT"]
[SourceTitle "EXT 2022"]
[Source "ChessBase"]
[SourceDate "2021.10.06"]
[SourceVersion "1"]
[SourceVersionDate "2021.10.06"]
[SourceQuality "1"]

1. d4 d5 2. c4 e6 3. Nc3 c5 4. cxd5 exd5 5. Nf3 Nf6 6. Bg5 Be6 7. e3 c4 8. Be2 Bb4 9. 0-0 Nbd7 10. Qa4 Be7 11. Ne5 0-0 12. Bf3 h6 13. Bh4 g5 14. Bg3 g4 15. Be2 Nxe5 16. dxe5 Nh5 17. Rfd1 Nxg3 18. hxg3 Rc8 19. Rd2 Bc5 20. Ne4 Bd7 21. Nf6+ Qxf6 22. Qxd7 Qxe5 23. Qxg4+ Kh8 24. Rad1 Rg8 25. Qh3 Rg6 26. Qxc8+ Kh7 27. Bg4 Bxe3 28. Qf5 Qe7 29. fxe3 Qxe3+ 30. Qf2 Qe5 31. Bf5 1-0

[Event "AUT-chT2W 2021"]
[Site "Austria"]
[Date "2020.10.09"]
[Round "1.3"]
[White "Lenninger, Ralf"]
[Black "Nisavic, Uros"]
[Result "0-1"]
[WhiteElo "1979"]
[BlackElo "2073"]
[PlyCount "70"]
[EventDate "2020.10.09"]
[EventType "team-tourn"]
[EventRounds "11"]
[EventCountry "AUT"]
[SourceTitle "CBM 199 Extra"]
[Source "ChessBase"]
[SourceDate "2021.01.31"]
[SourceVersion "1"]
[SourceVersionDate "2021.01.31"]
[SourceQuality "1"]
[WhiteTeam "Wolfurt"]
[BlackTeam "Lustenau"]
[WhiteTeamCountry "AUT"]
[BlackTeamCountry "AUT"]

1. d4 d5 2. Bf4 e6 3. e3 Nf6 4. Nd2 Be7 5. Ngf3 b6 6. a4 a6 7. c3 Nbd7 8. b4 c5 9. bxc5 bxc5 10. a5 0-0 11. h3 cxd4 12. cxd4 Ne4 13. Nxe4 dxe4 14. Nd2 Bb4 15. Be2 e5 16. Bg3 exd4 17. exd4 Nf6 18. 0-0 Qxd4 19. Nxe4 Qxd1 20. Nxf6+ gxf6 21. Rfxd1 Bf5 22. Bd6 Bc3 23. Ra3 Rfc8 24. Rc1 Bb2 25. Rxc8+ Rxc8 26. Rg3+ Bg6 27. Rb3 Be5 28. Ba3 Rd8 29. Rb6 Bd3 30. Bf3 Bb5 31. g3 Rd3 32. Bc5 Rxf3 33. Be3 Bc7 34. Rb7 Bxg3 35. Bh6 Bf4 0-1

[Event "AUT-ch Vor3 Internet"]
[Site "Playchess.com INT"]
[Date "2020.04.17"]
[Round "9"]
[White "Bachler, Reinhard"]
[Black "Nisavic, Uros"]
[Result "1-0"]
[WhiteElo "2143"]
[BlackElo "2073"]
[PlyCount "93"]
[EventDate "2020.04.17"]
[EventType "swiss (blitz)"]
[EventRounds "9"]
[EventCountry "AUT"]
[SourceTitle "CBM 195 Extra"]
[Source "ChessBase"]
[SourceDate "2020.05.31"]
[SourceVersion "1"]
[SourceVersionDate "2020.05.31"]
[SourceQuality "1"]

1. f4 d5 2. Nf3 c5 3. e3 Nc6 4. Bb5 Bd7 5. Bxc6 Bxc6 6. Ne5 Nf6 7. Nxc6 bxc6 8. 0-0 e6 9. b3 Bd6 10. Bb2 0-0 11. Qf3 Re8 12. d3 e5 13. Nd2 e4 14. Qg3 exd3 15. cxd3 Bc7 16. Rf3 Bb6 17. Kh1 Ba5 18. Nf1 d4 19. e4 h6 20. Rc1 Qe7 21. Rf2 Kh8 22. Rfc2 Bb6 23. Ba3 Nd7 24. Nd2 Qf6 25. Qf3 g5 26. fxg5 Qxf3 27. Nxf3 hxg5 28. Nxg5 Kg7 29. Nf3 Rh8 30. g3 f6 31. Kg2 Kf7 32. Re1 Ke6 33. Nh4 Ne5 34. Rd1 Rag8 35. Kh1 Ng4 36. Nf5 Rxh2+ 37. Rxh2 Nxh2 38. Kxh2 Rh8+ 39. Kg2 a5 40. Rc1 a4 41. Bxc5 Bxc5 42. Rxc5 axb3 43. axb3 Rb8 44. Nxd4+ Kd6 45. Rxc6+ Ke5 46. Rc4 Rd8 47. Nc6+ 1-0

[Event "AUT-ch Vor3 Internet"]
[Site "Playchess.com INT"]
[Date "2020.04.17"]
[Round "3"]
[White "Nisavic, Uros"]
[Black "Gugler, Giorgio"]
[Result "1-0"]
[WhiteElo "2073"]
[BlackElo "1405"]
[PlyCount "57"]
[EventDate "2020.04.17"]
[EventType "swiss (blitz)"]
[EventRounds "9"]
[EventCountry "AUT"]
[SourceTitle "CBM 195 Extra"]
[Source "ChessBase"]
[SourceDate "2020.05.31"]
[SourceVersion "1"]
[SourceVersionDate "2020.05.31"]
[SourceQuality "1"]

1. d4 d5 2. c4 c6 3. Nc3 Nf6 4. Nf3 Bf5 5. Bg5 h6 6. Bh4 Nbd7 7. e3 e6 8. Bd3 Be7 9. 0-0 0-0 10. Qe2 Ne4 11. Bg3 Nxg3 12. hxg3 Bxd3 13. Qxd3 f6 14. Nh4 dxc4 15. Qxc4 Qe8 16. Qxe6+ Kh7 17. Qf5+ g6 18. Qd3 f5 19. Nf3 Bd6 20. Rae1 Nf6 21. e4 fxe4 22. Nxe4 Nxe4 23. Rxe4 Qf7 24. Rfe1 Qxa2 25. Re6 Rg8 26. Rxd6 Qxb2 27. Re7+ Rg7 28. Qxg6+ Kh8 29. Qxg7# 1-0